000 01724nam a2200205Ia 4500
999 _c8979
_d8979
005 20230829154749.0
008 230823s9999 xx 000 0 und d
020 _a978-145-626-982-1
040 _aUPAN
_cBiblioteca San Vicente
_eRCAA2
041 _aspa
082 _a658001
_bC53i
_c2019
100 _aChiavenato, Idalberto
_4aut.
245 0 _aIntroducción a la Teoría General de la Administración/
_cIdalberto Chiavenato
250 _a10º ed.
260 _aMéxico:
_bMcGraw Hill,
_c2019
300 _a386 p.;
_c26 cm.
505 _aParte 1: Introducción a la teoría general de la administración Cap. 1 La administración y sus perspectivas Parte II: Enfoque clásico de la administración Cap. 2 Administración científica Cap. 3 Teoría clásica de la administración Parte III Enfoque humanista de la administración Cap. 4 Teoría de las relaciones humanas Parte IV Enfoque neoclásico de la administración Cap. 5 teoría neoclásica de la administración Parte V Enfoque estructuralista de la administración Cap. 6 El modelo burocrático y la teoría estructuralista de la administración Parte VI Enfoque conductual de la administración y del desarrollo organizacional Cap. 7 Teoría conductual de la administración y teoría del desarrollo organizacional parte VII Enfoque sistémico de la administración Cap. 8 Teoría de sistemas Cap. 9 La teoría de las matemáticas y las tecnología en la administración Parte VIII Enfoque de la contingencia en la administración Cap. 10 Teoría de la contingencia Parte IX Nuevos enfoques de la administración Capitulo 11 ¿Hacia donde va la administración?
650 _2LEMB
_vTeoría
_xAdministración
942 _cBK
_2ddc